Biggest European Cities that start with V on a Map - Statistics

General Stats
  • This quiz has been taken 668 times
  • The average score is 11 of 19
Answers on the Map
Answers color-coded by a green-red scale on the quiz's map according to % correct below.
 
Answer Stats
Population City % Correct
1,921,153 Vienna
100%
800,215 València
98%
255,609 Venice
97%
559,250 Vilnius
94%
257,838 Verona
84%
1,004,763 Volgograd
80%
332,394 Varna
75%
296,692 Vigo
66%
299,265 Valladolid
65%
1,050,602 Voronezh
60%
237,231 Vantaa
41%
362,949 Vitebsk
39%
253,996 Vitoria-Gasteiz
38%
352,347 Vladimir
32%
370,707 Vinnytsia
26%
308,530 Vologda
24%
301,543 Vladikavkaz
23%
225,019 Veliky Novgorod
22%
323,853 Volzhsky
15%
No matching quizzes found
Score Distribution
Percent of People with Each Score
Percentile by Number Answered
Your Score History
You have not taken this quiz